Isozymes in plant genetics and breeding. Part A (Record no. 38150)

MARC details
000 -LEADER
fixed length control field 00571nam a2200193Ia 4500
082 ## - DEWEY DECIMAL CLASSIFICATION NUMBER
Classification number 577.151.64
Item number TAN
245 #0 - TITLE STATEMENT
Title Isozymes in plant genetics and breeding. Part A
260 ## - PUBLICATION, DISTRIBUTION, ETC. (IMPRINT)
Place of publication Amsterdam
Name of publisher Elsevier
Year of publication 1983
490 ## - SERIES STATEMENT
Series statement Developments in Plant genetics and breeding IA
650 ## - SUBJECT ADDED ENTRY--TOPICAL TERM
Topical Term Genetic variability
650 ## - SUBJECT ADDED ENTRY--TOPICAL TERM
Topical Term Isozyme technology
650 ## - SUBJECT ADDED ENTRY--TOPICAL TERM
Topical Term Plant isozymes
650 ## - SUBJECT ADDED ENTRY--TOPICAL TERM
Topical Term Pollen gene expression
650 ## - SUBJECT ADDED ENTRY--TOPICAL TERM
Topical Term Somatic variation
700 ## - ADDED ENTRY--PERSONAL NAME
Personal name Orton, Thomas J
700 ## - ADDED ENTRY--PERSONAL NAME
Personal name Tanksley, Steven D
942 ## - ADDED ENTRY ELEMENTS (KOHA)
Koha item type Books
Holdings
Withdrawn status Lost status Damaged status Not for loan Home library Current library Date acquired Full call number Accession Number Koha item type
        RRII Library RRII Library 16/12/2021 577.151.64 TAN 18514 Books